Japan; patterns of continuity. (Record no. 117756)
[ view plain ]
| 000 -LEADER | |
|---|---|
| fixed length control field | 00839cam9a220027700 4500 |
| 001 - CONTROL NUMBER | |
| control field | lce00148753 |
| 008 - FIXED-LENGTH DATA ELEMENTS--GENERAL INFORMATION | |
| fixed length control field | 711008s1971 ja a b 001 0 eng |
| 010 ## - LIBRARY OF CONGRESS CONTROL NUMBER | |
| LC control number | 76107610 |
| 015 ## - NATIONAL BIBLIOGRAPHY NUMBER | |
| National bibliography number | Ja*** |
| 020 ## - INTERNATIONAL STANDARD BOOK NUMBER | |
| International Standard Book Number | 087011106X |
| 020 ## - INTERNATIONAL STANDARD BOOK NUMBER | |
| Terms of availability | |
| -- | 5.00 (U.S.) |
| 035 ## - SYSTEM CONTROL NUMBER | |
| System control number | (Sirsi) r49201 |
| 035 ## - SYSTEM CONTROL NUMBER | |
| System control number | (DLC) 76107610 |
| 035 ## - SYSTEM CONTROL NUMBER | |
| System control number | (UPRA)lce00148753 |
| 043 ## - GEOGRAPHIC AREA CODE | |
| Geographic area code | a-ja--- |
| 050 0# - LIBRARY OF CONGRESS CALL NUMBER | |
| Classification number | DS821 |
| Item number | .M267 1971 |
| 082 ## - DEWEY DECIMAL CLASSIFICATION NUMBER | |
| Classification number | 915.2/03/4 |
| 100 1# - MAIN ENTRY--PERSONAL NAME | |
| Personal name | Maraini, Fosco. |
| Linkage | A7216.1 |
| 245 10 - TITLE STATEMENT | |
| Title | Japan; patterns of continuity. |
| 250 ## - EDITION STATEMENT | |
| Edition statement | [1st ed.] |
| 260 ## - PUBLICATION, DISTRIBUTION, ETC. | |
| Place of publication, distribution, etc. | Tokyo, Palo Alto, Calif., |
| -- | Tokyo, Palo Alto, Calif., |
| Name of publisher, distributor, etc. | Kodansha International |
| Date of publication, distribution, etc. | [1971] |
| 504 ## - BIBLIOGRAPHY, ETC. NOTE | |
| Bibliography, etc. note | Includes bibliographical references. |
| 651 #0 - SUBJECT ADDED ENTRY--GEOGRAPHIC NAME | |
| Geographic name | Japan -- Civilization. |
| General subdivision | Japan -- Civilization. |
| Linkage | S4949.1 |
| 949 ## - LOCAL PROCESSING INFORMATION (OCLC) | |
| a | DS821 |
| w | lcc |
| i | -61296 |
| m | MAIN |
| t | BOOK |
| l | ON-SHELF |
No items available.